Catalog

Record Details

Catalog Search



Poradenství v ergoterapii  Cover Image Book Book

Poradenství v ergoterapii / Jana Jelínková

Jelínková, Jana (Author). Univerzita Karlova (Publisher).

Record details

  • ISBN: 978-80-246-5501-7
  • Physical Description: 107 stran : ilustrace ; 21 cm
  • Edition: Vydání první
  • Publisher: Praha : Univerzita Karlova, nakladatelství Karolinum, 2023

Content descriptions

Bibliography, etc. Note:
Obsahuje bibliografie
Subject: ergoterapie
poradenství
osoby se zdravotním postižením
telemedicína
occupational therapy
consulting services
people with disabilities
telemedicine
Genre: učebnice vysokých škol
textbooks (higher)

Available copies

  • 1 of 1 copy available at Common Catalog SPOK.

Holds

  • 0 current holds with 1 total copy.
Show Only Available Copies
Location Call Number / Copy Notes Barcode Shelving Location Status Due Date
Jabok Library Psy-9.8/J 424480046218 Odborná literatura Available -

LDR 01866nam a2200529 i 4500
00157554
003CZ-PrJAB
00520231013064947.0
007ta
008230726s2023 xr a e p 000 0 cze
015 . ‡acnb003534650
020 . ‡a978-80-246-5501-7 ‡q(brožováno)
035 . ‡a(CZ PrNK)nkc20233534650
035 . ‡a(OCoLC)1402156233
040 . ‡aABA001 ‡bcze ‡dOLA001 ‡erda
072 7. ‡a615.8 ‡xFyzioterapie. Psychoterapie. Alternativní lékařství ‡2Konspekt ‡914
072 7. ‡a37.016 ‡xUčební osnovy. Vyučovací předměty. Učebnice ‡2Konspekt ‡922
080 . ‡a615.851.3 ‡2MRF
080 . ‡a659.2 ‡2MRF
080 . ‡a316.344.6-056.26/.3 ‡2MRF
080 . ‡a61:004.7 ‡2MRF
080 . ‡a(075.8) ‡2MRF
1001 . ‡aJelínková, Jana ‡7xx0070084 ‡4aut
24510. ‡aPoradenství v ergoterapii / ‡cJana Jelínková
250 . ‡aVydání první
264 1. ‡aPraha : ‡bUniverzita Karlova, nakladatelství Karolinum, ‡c2023
300 . ‡a107 stran : ‡bilustrace ; ‡c21 cm
336 . ‡atext ‡btxt ‡2rdacontent
337 . ‡abez média ‡bn ‡2rdamedia
338 . ‡asvazek ‡bnc ‡2rdacarrier
4901 . ‡aUčební texty Univerzity Karlovy
504 . ‡aObsahuje bibliografie
65007. ‡aergoterapie ‡7ph119986 ‡2czenas
65007. ‡aporadenství ‡7ph124359 ‡2czenas
65007. ‡aosoby se zdravotním postižením ‡7ph127575 ‡2czenas
65007. ‡atelemedicína ‡7ph867746 ‡2czenas
65009. ‡aoccupational therapy ‡2eczenas
65009. ‡aconsulting services ‡2eczenas
65009. ‡apeople with disabilities ‡2eczenas
65009. ‡atelemedicine ‡2eczenas
655 7. ‡aučebnice vysokých škol ‡7fd133772 ‡2czenas
655 9. ‡atextbooks (higher) ‡2eczenas
7102 . ‡aUniverzita Karlova ‡7kn20010710036 ‡4pbl
8102 . ‡aUniverzita Karlova. ‡tUčební texty
910 . ‡aABG312
995 . ‡aska
901 . ‡a57554 ‡bAUTOGEN ‡c57554 ‡tbiblio

Additional Resources